|
|
|
|
| LEADER |
00000cam a2200000 7i4500 |
| 001 |
0000006252 |
| 002 |
000006749 |
| 005 |
20000330.0 |
| 020 |
|
|
|a 9679784754
|
| 090 |
0 |
0 |
|a 320.9595
|b GOH
|
| 100 |
0 |
|
|a Goh Cheng Teik
|
| 245 |
1 |
0 |
|a Malaysia :
|b Beyond communal politics
|c Goh Cheng Teik
|
| 260 |
|
|
|a Petaling Jaya :
|b Peladuk Publications ,
|c 1994
|
| 300 |
|
|
|a 70 p. ;
|c 22 cm.
|
| 651 |
|
0 |
|a Malaysia
|x Ethnic relations
|x Political aspects
|
| 651 |
|
0 |
|a Malaysia
|x Politics and government
|
| 651 |
|
0 |
|a Malaysia
|x Race relations
|x Political aspects
|
| 999 |
|
|
|a 039051
|b BUKU
|c MALAYSIANA
|e PERPUSTAKAAN KOMUNITI PETALING JAYA
|
| 999 |
|
|
|a 039052
|b BUKU
|c PINJAMAN
|e PERPUSTAKAAN KOMUNITI PETALING JAYA
|